[Event "Hastings Masters 2025-26"]
[Site "Hastings ENG"]
[Date "2025.12.30"]
[Round "5.45"]
[White "Wilson, Matthew R"]
[Black "Gorskovs, Andrejs"]
[Result "1-0"]
[WhiteElo "1772"]
[BlackElo "1920"]
[WhiteFideId "423459"]
[BlackFideId "343426751"]
[EventDate "2025.12.28"]

1. e4 e5 2. Nf3 Nc6 3. Bb5 a6 4. Bxc6 dxc6 5. O-O Bg4 6. h3 h5 7. d3 Qf6 8. Nbd2
Ne7 9. Re1 Ng6 10. d4 Nf4 11. hxg4 hxg4 12. Nh2 Rxh2 13. Kxh2 Qh4+ 14. Kg1 Bb4
15. g3 Qh3 16. gxf4 O-O-O 17. Nf1 Rh8 18. Ng3 Qh2+ 19. Kf1 Qh3+ 20. Ke2 Qg2 21.
c3 exf4 22. Bxf4 Rh2 23. Be3 1-0

[Event "Hastings Masters 2025-26"]
[Site "Hastings ENG"]
[Date "2025.12.30"]
[Round "5.46"]
[White "Both, Bert"]
[Black "Kim, Changhoon"]
[Result "0-1"]
[BlackTitle "CM"]
[WhiteElo "2102"]
[BlackElo "1874"]
[WhiteFideId "1014340"]
[BlackFideId "34117234"]
[EventDate "2025.12.28"]

1. d4 d5 2. Nf3 Nf6 3. c4 c6 4. e3 Bf5 5. cxd5 cxd5 6. Qb3 Qb6 7. Qxb6 axb6 8.
Nc3 Nc6 9. Bb5 e6 10. Ne5 Rc8 11. Na4 Bb4+ 12. Bd2 Bxd2+ 13. Kxd2 Ne4+ 14. Ke2
f6 15. Nxc6 bxc6 16. Rhc1 Ke7 17. Nxb6 Rc7 18. Na4 e5 19. Bd3 Nd6 20. Bxf5 Nxf5
21. Kd3 Kd6 22. a3 h5 23. b4 h4 24. Rc3 h3 25. g3 exd4 26. exd4 Re8 27. Nc5 Rce7
28. Rac1 Re2 29. R3c2 Rxc2 30. Rxc2 Re1 31. g4 Nh4 32. Re2 Nf3 33. Rxe1 Nxe1+
34. Ke2 Nc2 35. Kf3 Nxa3 36. Kg3 Nc2 37. Nb3 Nxb4 38. Kxh3 Nd3 39. Kg3 c5 40.
dxc5+ Nxc5 41. Nd4 Ke5 42. Nc6+ Ke4 43. Nb4 d4 44. f3+ Ke3 45. Nd5+ Ke2 46. Nf4+
Kf1 47. h4 d3 48. Nxd3 Nxd3 49. g5 fxg5 50. hxg5 Ke2 51. Kg4 Ke3 52. g6 Nf4 53.
Kf5 0-1

[Event "Hastings Masters 2025-26"]
[Site "Hastings ENG"]
[Date "2025.12.30"]
[Round "5.47"]
[White "Gibson, Christopher A"]
[Black "Oh, Sejun"]
[Result "0-1"]
[WhiteElo "1887"]
[BlackElo "1695"]
[WhiteFideId "414697"]
[BlackFideId "13216112"]
[EventDate "2025.12.28"]

1. e4 c5 2. c3 Nf6 3. e5 Nd5 4. Nf3 d6 5. exd6 Qxd6 6. d4 Nc6 7. c4 Nf6 8. d5
Ne5 9. Bf4 Nd3+ 10. Qxd3 Qxf4 11. Nc3 Bf5 12. Qe3 Qxe3+ 13. fxe3 e6 14. Nb5 Rd8
15. Rd1 a6 16. Nc3 exd5 17. cxd5 Bd6 18. Bd3 Bxd3 19. Rxd3 O-O 20. O-O b5 21. g3
c4 22. Rdd1 Bc5 23. Nd4 Nxd5 24. Nc6 Nxe3 25. Rxd8 Rxd8 26. Nxd8 Nxf1+ 27. Kxf1
Kf8 28. Nc6 Bd6 29. a3 Ke8 30. Ke2 Kd7 31. Nd4 g6 32. Ne4 Be7 33. g4 h6 34. Ke3
Kc7 35. Kf4 f6 36. h3 Kb6 37. Nc3 Kc5 38. Ke4 Bd6 39. Ne6+ Kc6 40. Nf4 Bxf4 41.
Kxf4 Kc5 42. Ke3 f5 43. gxf5 gxf5 44. Kf4 Kd4 45. Kxf5 Kd3 46. Kg6 Kc2 47. Kxh6
Kxb2 48. Ne2 Kxa3 49. h4 b4 50. h5 b3 51. Kg5 b2 52. Nc3 Kb3 53. h6 Kxc3 54. h7
Kb3 55. h8=Q b1=Q 56. Qb8+ Ka2 57. Qd6 Qb5+ 58. Kh6 c3 59. Qd1 Kb2 60. Qd4 a5
61. Qf2+ c2 62. Qd4+ Kb1 0-1

[Event "Hastings Masters 2025-26"]
[Site "Hastings ENG"]
[Date "2025.12.30"]
[Round "5.48"]
[White "Napolitano, Domenico"]
[Black "Prince, Alan R"]
[Result "1-0"]
[WhiteElo "1863"]
[BlackElo "1803"]
[WhiteFideId "456993"]
[BlackFideId "2402165"]
[EventDate "2025.12.28"]

1. e4 c5 2. Nc3 Nc6 3. f4 g6 4. a4 Bg7 5. Nf3 e6 6. e5 d6 7. Bb5 Bd7 8. Ne4 dxe5
9. Nd6+ Ke7 10. Bxc6 Bxc6 11. fxe5 f6 12. d4 cxd4 13. b3 fxe5 14. Ba3 Qa5+ 15.
b4 Qd5 16. b5 Bd7 17. Nxb7+ Ke8 18. Nd6+ Ke7 19. O-O Nf6 20. Nxe5 Rhg8 21. Nb7+
Ke8 22. Nd6+ Ke7 23. Rf4 Kd8 24. Rxd4 Qxe5 25. Nf7+ 1-0

[Event "Hastings Masters 2025-26"]
[Site "Hastings ENG"]
[Date "2025.12.30"]
[Round "5.49"]
[White "Ratcliffe, James"]
[Black "Butt, Laurence"]
[Result "1-0"]
[WhiteElo "1845"]
[BlackElo "1790"]
[WhiteFideId "343432840"]
[BlackFideId "440884"]
[EventDate "2025.12.28"]

1. e4 c5 2. Nc3 e5 3. g3 Nc6 4. Bg2 d6 5. d3 f5 6. Nge2 Nf6 7. Bg5 Be7 8. O-O
O-O 9. Bxf6 Bxf6 10. Nd5 Bg5 11. f4 Bh6 12. c3 Kh8 13. Qd2 Ne7 14. Ne3 Rb8 15.
a4 Bd7 16. Nc4 Qc7 17. b4 Be6 18. Ne3 fxe4 19. dxe4 g6 20. b5 b6 21. c4 Bg7 22.
Ra3 Bg8 23. f5 gxf5 24. exf5 Bh6 25. f6 Ng6 26. Bd5 Bf7 27. Nc3 e4 28. Qf2 Rfe8
29. a5 Ne5 30. Bxe4 Bxc4 31. Rfa1 Nd3 32. axb6 axb6 33. Qe2 Bxe3+ 34. Qxe3 d5
35. Ra7 Rb7 36. Ra8 Reb8 37. Bxd3 d4 38. Qf3 Bxd3 39. f7 Kg7 40. f8=Q+ Rxf8 41.
Qxf8+ Kg6 42. Nd5 Qe5 43. Nf4+ Kg5 44. Nxd3 Qe3+ 45. Nf2 Re7 46. Rd8 c4 47. h4+
Kg6 48. Rd6+ 1-0

[Event "Hastings Masters 2025-26"]
[Site "Hastings ENG"]
[Date "2025.12.30"]
[Round "5.50"]
[White "Sow, MiaoGeng Malcolm"]
[Black "Halas, Kim Aleksander"]
[Result "1-0"]
[WhiteElo "1842"]
[BlackElo "1729"]
[WhiteFideId "5817501"]
[BlackFideId "1546074"]
[EventDate "2025.12.28"]

1. e4 c6 2. d4 d5 3. e5 Bf5 4. h4 c5 5. dxc5 h6 6. g4 Bd7 7. Nc3 Qc7 8. Qxd5 e6
9. Nb5 Bxb5 10. Bxb5+ Nc6 11. Bxc6+ bxc6 12. Qe4 Bxc5 13. b4 Bxb4+ 14. Kf1 Bc3
15. Rb1 Bxe5 16. Nf3 Bc3 17. Bf4 Qc8 18. Qc4 Bf6 19. Kg2 h5 20. g5 Bd8 21. g6 f6
22. Rhe1 Ne7 23. Rxe6 Qd7 24. Rbe1 Qd5 25. Qxd5 cxd5 26. Bd6 Kd7 27. Bxe7 Ba5
28. Rd6+ Kc7 29. Ree6 Rh6 30. Rxd5 Rxg6+ 31. Kf1 Bb6 32. Bc5 Bxc5 33. Rxc5+ Kd7
34. Ra6 Rg4 35. Rxh5 Rf4 36. Rd5+ Kc7 37. Nd4 Rxh4 38. Rc6+ Kb7 39. Rb5# 1-0

[Event "Hastings Masters 2025-26"]
[Site "Hastings ENG"]
[Date "2025.12.30"]
[Round "5.51"]
[White "Saxena, Advik"]
[Black "Jacobs, Simon"]
[Result "1-0"]
[WhiteElo "1806"]
[BlackElo "1749"]
[WhiteFideId "343423892"]
[BlackFideId "343440673"]
[EventDate "2025.12.28"]

1. d4 d5 2. c4 c6 3. Nf3 Nf6 4. Qc2 dxc4 5. Qxc4 Bf5 6. g3 e6 7. Bg2 Be7 8. O-O
O-O 9. Nc3 Nbd7 10. Re1 Bg6 11. e4 Rc8 12. Bg5 h6 13. Bxf6 Bxf6 14. Rad1 Qc7 15.
Qb3 Rfd8 16. d5 cxd5 17. exd5 Bxc3 18. bxc3 exd5 19. Nh4 Be4 20. Bxe4 dxe4 21.
Nf5 Nf6 22. Qb4 Rxd1 23. Rxd1 Re8 24. Rd6 Kh7 25. c4 Re5 26. Ne3 Rc5 27. Qd2 b5
28. cxb5 Rxb5 29. h4 Qb7 30. Rd8 Rb1+ 31. Kg2 Ra1 32. Qa5 g6 33. Qe5 Qb1 34. Rd1 1-0

[Event "Hastings Masters 2025-26"]
[Site "Hastings ENG"]
[Date "2025.12.30"]
[Round "5.52"]
[White "Venkatesh, Anuj"]
[Black "Siddhartha Shankar Srivastava"]
[Result "1-0"]
[WhiteElo "1825"]
[BlackElo "1589"]
[WhiteFideId "455636"]
[BlackFideId "25780590"]
[EventDate "2025.12.28"]

1. d4 d5 2. c4 e6 3. Nf3 Nf6 4. g3 Bb4+ 5. Bd2 Be7 6. Bg2 O-O 7. Qc2 dxc4 8. a4
a6 9. O-O Nbd7 10. Na3 c6 11. Qxc4 Nb6 12. Qc2 Nbd5 13. Rfd1 Bb4 14. e4 Bxd2 15.
Nxd2 Nb4 16. Qc3 a5 17. Ndc4 Ra6 18. Ne5 Qe7 19. Qc5 Re8 20. Nac4 Nd7 21. Nxd7
Bxd7 22. Bf1 Raa8 23. Nb6 Rad8 24. Qxa5 Bc8 25. Rac1 Na6 26. Bxa6 bxa6 27. Nxc8
Rxc8 28. Qxa6 Rb8 29. Rc2 Rec8 30. Rxc6 Rxc6 31. Qxc6 Rxb2 32. Qc8+ Qf8 33. Rc1
Rb8 34. Qxf8+ Kxf8 35. Rc4 Ra8 36. f4 Ke8 37. Kf2 Kd7 38. e5 f6 39. Ke3 fxe5 40.
dxe5 h5 41. Kd4 Rb8 42. a5 Rb2 43. Ra4 Kc7 44. a6 Kb8 45. a7+ Ka8 46. Ra6 Rxh2
47. Rxe6 Rg2 48. Rg6 h4 49. Rxg7 hxg3 50. Ke4 Rg1 51. Kf3 g2 52. Rxg2 1-0

[Event "Hastings Masters 2025-26"]
[Site "Hastings ENG"]
[Date "2025.12.31"]
[Round "6.1"]
[White "Deuer, Marius"]
[Black "Ward, Cian"]
[Result "1-0"]
[WhiteTitle "IM"]
[WhiteElo "2475"]
[BlackElo "1947"]
[WhiteFideId "16236432"]
[BlackFideId "475599"]
[EventDate "2025.12.28"]

1. Nf3 e6 2. c4 Nf6 3. Nc3 d5 4. d4 Bb4 5. cxd5 exd5 6. Bg5 O-O 7. e3 c6 8. Bd3
Be7 9. Qc2 h6 10. Bh4 b6 11. Ne5 Ng4 12. Bg3 Nxe5 13. dxe5 Ba6 14. Bf5 Bc8 15.
O-O Bxf5 16. Qxf5 Nd7 17. Rad1 Nc5 18. b4 Ne6 19. b5 Bb4 20. Ne4 Rc8 21. bxc6
Rxc6 22. Nd6 Bxd6 23. exd6 d4 24. exd4 Rc8 25. Rfe1 Re8 26. h4 Nf8 27. Re7 f6
28. Qd5+ 1-0

[Event "Hastings Masters 2025-26"]
[Site "Hastings ENG"]
[Date "2025.12.31"]
[Round "6.2"]
[White "Wang, Hao(ZJ)"]
[Black "Kaasen, Tor Fredrik"]
[Result "1/2-1/2"]
[WhiteTitle "IM"]
[BlackTitle "IM"]
[WhiteElo "2426"]
[BlackElo "2471"]
[WhiteFideId "8631859"]
[BlackFideId "1516647"]
[EventDate "2025.12.28"]

1. e4 e5 2. Nf3 Nc6 3. Bb5 Nf6 4. O-O Nxe4 5. Re1 Nd6 6. Nxe5 Be7 7. Bf1 Nxe5 8.
Rxe5 O-O 9. Nc3 Bf6 10. Re1 Re8 11. Rxe8+ Qxe8 1/2-1/2

[Event "Hastings Masters 2025-26"]
[Site "Hastings ENG"]
[Date "2025.12.31"]
[Round "6.3"]
[White "Ghimpu, Samuel-Timotei"]
[Black "Hagner, Bennet"]
[Result "1/2-1/2"]
[WhiteTitle "IM"]
[BlackTitle "IM"]
[WhiteElo "2428"]
[BlackElo "2451"]
[WhiteFideId "1238175"]
[BlackFideId "16224477"]
[EventDate "2025.12.28"]

1. d4 Nf6 2. Bg5 e6 3. Nd2 h6 4. Bh4 d5 5. e3 b6 6. Ngf3 Bb7 7. Bb5+ c6 8. Bd3
Be7 9. Ne5 Nbd7 10. f4 c5 11. c3 O-O 12. O-O cxd4 13. exd4 Ne4 14. Bxe7 Qxe7 15.
Qe2 Ndf6 16. f5 Nd6 17. g4 Rae8 18. Rae1 Nfe4 19. Qe3 Kh7 1/2-1/2

[Event "Hastings Masters 2025-26"]
[Site "Hastings ENG"]
[Date "2025.12.31"]
[Round "6.4"]
[White "Laurent-Paoli, Pierre"]
[Black "Badacsonyi, Stanley"]
[Result "1-0"]
[WhiteTitle "GM"]
[BlackTitle "FM"]
[WhiteElo "2539"]
[BlackElo "2317"]
[WhiteFideId "26017962"]
[BlackFideId "486973"]
[EventDate "2025.12.28"]

1. d4 e6 2. Nf3 Nf6 3. c4 d5 4. Nc3 dxc4 5. e4 b5 6. e5 Nd5 7. Nxb5 Nb6 8. Be2
Nc6 9. O-O Bb7 10. d5 Nxd5 11. Bxc4 a6 12. Nbd4 Nb6 13. Be2 Be7 14. Nxc6 Qxd1
15. Rxd1 Bxc6 16. Nd4 Bb7 17. Nb3 Bd5 18. Be3 Nd7 19. Rac1 c6 20. Nd4 Bxa2 21.
Nxc6 Bd5 22. f4 f6 23. Rxd5 exd5 24. e6 Nf8 25. f5 Bd6 26. Rd1 Rc8 27. Bxa6 1-0

[Event "Hastings Masters 2025-26"]
[Site "Hastings ENG"]
[Date "2025.12.31"]
[Round "6.5"]
[White "Balaji, Aaravamudhan"]
[Black "Sulskis, Sarunas"]
[Result "1/2-1/2"]
[WhiteTitle "IM"]
[BlackTitle "GM"]
[WhiteElo "2270"]
[BlackElo "2475"]
[WhiteFideId "436224"]
[BlackFideId "12800112"]
[EventDate "2025.12.28"]

1. d4 d5 2. c4 c5 3. cxd5 Nf6 4. Nc3 Nxd5 5. e4 Nxc3 6. bxc3 cxd4 7. cxd4 e5 8.
dxe5 Bb4+ 9. Bd2 Qd4 10. Rc1 Nc6 11. Nf3 Qxe4+ 12. Be2 Be6 13. O-O Bxd2 14. Qxd2
O-O 15. Bd3 Qb4 16. Qc2 h6 17. Rb1 Qf4 18. Rfe1 Nd4 19. Nxd4 Qxd4 20. Rxb7 Rac8
21. Qe2 Rfd8 22. Bb1 Rc3 23. Qe4 Qxe4 24. Bxe4 Ra3 25. Reb1 g5 26. Rb8 Rxb8 27.
Rxb8+ Kg7 28. h3 Rxa2 29. Rb5 a5 30. Bd5 Bxd5 31. Rxd5 a4 32. g4 Re2 33. Ra5 Re4
34. Ra8 Re1+ 35. Kg2 Ra1 36. Kh2 a3 37. Kg2 h5 38. gxh5 Kh6 39. Rh8+ Kg7 40. Ra8
Kh6 41. Rh8+ Kg7 42. Ra8 1/2-1/2

[Event "Hastings Masters 2025-26"]
[Site "Hastings ENG"]
[Date "2025.12.31"]
[Round "6.6"]
[White "Gordon, Stephen J"]
[Black "Gormally, Daniel W"]
[Result "1/2-1/2"]
[WhiteTitle "GM"]
[BlackTitle "GM"]
[WhiteElo "2465"]
[BlackElo "2396"]
[WhiteFideId "411477"]
[BlackFideId "406465"]
[EventDate "2025.12.28"]

1. Nf3 Nf6 2. c4 g6 3. Nc3 Bg7 4. e4 d6 5. d4 O-O 6. Be2 e5 7. O-O Nc6 8. d5 Ne7
9. b4 a5 10. bxa5 Rxa5 11. a4 b6 12. Nd2 Ra8 13. Nb3 c5 14. dxc6 Nxc6 15. Be3
Be6 16. Qb1 Nd7 17. Rd1 Qb8 18. Ra2 Nc5 19. Rb2 Nxa4 20. Nxa4 Rxa4 21. c5 Nd4
22. Nxd4 exd4 23. Bf4 d3 24. Bxd3 Bxb2 25. Bxd6 Ra1 26. Bxb8 Rxb1 27. Rxb1 Rxb8
28. Rxb2 Rd8 29. Be2 bxc5 30. Rc2 1/2-1/2

[Event "Hastings Masters 2025-26"]
[Site "Hastings ENG"]
[Date "2025.12.31"]
[Round "6.7"]
[White "Southcott-Moyers, Indy"]
[Black "Plat, Vojtech"]
[Result "0-1"]
[WhiteTitle "FM"]
[BlackTitle "GM"]
[WhiteElo "2266"]
[BlackElo "2461"]
[WhiteFideId "488542"]
[BlackFideId "325740"]
[EventDate "2025.12.28"]

1. d4 Nf6 2. Nf3 g6 3. Bg5 Bg7 4. Nbd2 c5 5. Bxf6 Bxf6 6. Ne4 Bxd4 7. Nxd4 cxd4
8. Qxd4 O-O 9. c4 Nc6 10. Qd2 d6 11. Nc3 Be6 12. e4 f5 13. exf5 Rxf5 14. Be2 Qb6
15. O-O Rf7 16. b3 Raf8 17. Na4 Qd4 18. Qxd4 Nxd4 19. Bd3 Bf5 20. Nb2 e5 21.
Rae1 b5 22. Bxf5 Rxf5 23. f3 g5 24. h3 h5 25. Nd1 bxc4 26. bxc4 Rc8 27. Ne3 Rf7
28. Rb1 Kg7 29. Rb2 Kg6 30. Rfb1 Nf5 31. Nxf5 Kxf5 32. Rd1 Ke6 33. Rb4 Rc5 34.
Ra4 Rfc7 35. Rc1 h4 36. Kf2 Kf5 37. Rd1 Rxc4 38. Rxc4 Rxc4 39. Rxd6 Rc2+ 40. Ke3
Rxa2 41. Rd7 a5 42. Ra7 Ke6 43. Ke4 Re2+ 44. Kd3 Rxg2 45. Rxa5 Kf5 46. Ke3 Rh2
47. Ra8 Rxh3 48. Rf8+ Kg6 49. Re8 Kf6 50. Kf2 Rh2+ 51. Kf1 Ra2 52. Rf8+ Ke6 53.
Re8+ Kd5 54. Rd8+ Kc4 55. Kg1 h3 56. Rh8 h2+ 57. Rxh2 Rxh2 58. Kxh2 Kd4 59. Kg2
Kd3 60. Kg3 Ke3 61. Kg2 Ke2 62. Kg3 Kf1 63. Kg4 Kf2 0-1

[Event "Hastings Masters 2025-26"]
[Site "Hastings ENG"]
[Date "2025.12.31"]
[Round "6.8"]
[White "Demac, Elias"]
[Black "Kuru, Atilla"]
[Result "0-1"]
[BlackTitle "IM"]
[WhiteElo "2230"]
[BlackElo "2449"]
[WhiteFideId "1505807"]
[BlackFideId "51607948"]
[EventDate "2025.12.28"]

1. d4 Nf6 2. Bg5 d5 3. Bxf6 gxf6 4. e3 c5 5. c3 e6 6. Nf3 Nc6 7. Nbd2 Bd7 8. Be2
Bg7 9. Qc2 f5 10. g3 Qe7 11. Nb3 b6 12. Nc1 Rc8 13. Qd2 h5 14. Nd3 Qd6 15. h4 f6
16. Nf4 Ne7 17. dxc5 Rxc5 18. Nd4 e5 19. Nxh5 Bh6 20. Nb3 Rc8 21. f4 Kd8 22. c4
Be8 23. cxd5 Bf8 24. Qd1 Bf7 25. Kf2 Nxd5 26. Rc1 Rxc1 27. Nxc1 Kc7 28. Nb3 Kb8
29. Bf3 Rh6 30. Re1 a5 31. e4 a4 32. exd5 axb3 33. fxe5 fxe5 34. axb3 e4 35. Be2
Bxh5 36. Bxh5 Qe5 37. Kg2 Bd6 38. Re3 f4 39. Rc3 f3+ 40. Bxf3 Qxg3+ 41. Kf1 Rf6
42. Qe2 Bc5 43. Qg2 Rxf3+ 44. Rxf3 Qxf3+ 45. Qxf3 exf3 0-1

[Event "Hastings Masters 2025-26"]
[Site "Hastings ENG"]
[Date "2025.12.31"]
[Round "6.9"]
[White "Kovchan, Alexander"]
[Black "Martin, Nils"]
[Result "1-0"]
[WhiteTitle "GM"]
[BlackTitle "FM"]
[WhiteElo "2447"]
[BlackElo "2222"]
[WhiteFideId "14103052"]
[BlackFideId "45160473"]
[EventDate "2025.12.28"]

1. e4 e5 2. Nf3 Nc6 3. Bb5 a6 4. Ba4 Nf6 5. O-O b5 6. Bb3 Bb7 7. d3 Bc5 8. a4 b4
9. a5 O-O 10. Bg5 h6 11. Bh4 g5 12. Bg3 d6 13. Nbd2 Ne7 14. h4 Nh5 15. Bh2 g4
16. Nxe5 g3 17. Nxf7 gxh2+ 18. Kxh2 Rxf7 19. Bxf7+ Kxf7 20. Qxh5+ Ng6 21. g3 Kg7
22. f4 Qf6 23. Nc4 Rf8 24. Rae1 Kh7 25. e5 dxe5 26. f5 Ne7 27. Nxe5 Rg8 28. Ng4
Qc6 29. Re4 Nd5 30. Re6 Bg1+ 31. Kxg1 Qc5+ 32. Rf2 1-0

[Event "Hastings Masters 2025-26"]
[Site "Hastings ENG"]
[Date "2025.12.31"]
[Round "6.10"]
[White "Verbytski, Oleg"]
[Black "Williams, Simon K"]
[Result "0-1"]
[BlackTitle "GM"]
[WhiteElo "2039"]
[BlackElo "2434"]
[WhiteFideId "495506"]
[BlackFideId "404454"]
[EventDate "2025.12.28"]

1. e4 e5 2. Nf3 Nc6 3. Bc4 d6 4. Nc3 Na5 5. Be2 c5 6. d3 Be7 7. Nd5 Nc6 8. c3
Nf6 9. Nxf6+ Bxf6 10. Be3 O-O 11. O-O Re8 12. Qd2 b6 13. h3 d5 14. exd5 Qxd5 15.
Nh2 Bb7 16. Bf3 Qd7 17. Rad1 Rad8 18. Rfe1 Be7 19. Nf1 Qc8 20. Qc1 Bf8 21. Ng3
f5 22. Bg5 Rd6 23. Bh5 g6 24. Bf3 Bg7 25. h4 Nd8 26. Bxb7 Qxb7 27. f4 Qd7 28.
fxe5 Bxe5 29. Bf4 Nf7 30. Bxe5 Nxe5 31. Qf4 Rde6 32. Rf1 Ng4 33. Rd2 Qe7 34. Ne4
Qxh4 35. g3 Qe7 36. Ng5 Re3 37. d4 cxd4 38. cxd4 h6 39. Nh3 g5 40. Qxf5 Rxg3+
41. Rg2 Rxg2+ 0-1

[Event "Hastings Masters 2025-26"]
[Site "Hastings ENG"]
[Date "2025.12.31"]
[Round "6.11"]
[White "Grutter, Tim"]
[Black "Golding, Alex"]
[Result "0-1"]
[WhiteTitle "IM"]
[BlackTitle "IM"]
[WhiteElo "2397"]
[BlackElo "2370"]
[WhiteFideId "1057472"]
[BlackFideId "427241"]
[EventDate "2025.12.28"]

1. e4 e5 2. Nf3 Nc6 3. Bb5 a6 4. Ba4 Nf6 5. O-O Be7 6. Bxc6 dxc6 7. d3 Nd7 8.
Be3 O-O 9. Nc3 Bd6 10. Nd2 Qh4 11. Ne2 Re8 12. Nc4 b5 13. Nd2 Nf8 14. Ng3 g6 15.
Ne2 Ne6 16. Qe1 c5 17. f4 Qxe1 18. Raxe1 Nd4 19. fxe5 Bxe5 20. Nxd4 cxd4 21. Bf4
c5 22. Bxe5 Rxe5 23. c3 dxc3 24. bxc3 Re8 25. d4 cxd4 26. cxd4 f5 27. d5 Bb7 28.
exf5 Bxd5 29. fxg6 hxg6 30. Nb3 Bc4 31. Rxe8+ Rxe8 32. Rd1 Re2 33. Na5 Bxa2 34.
Rd6 Re6 35. Rd7 Rb6 36. Kf2 Be6 37. Rd8+ Kf7 38. Ke3 b4 39. Rd2 b3 40. Rb2 Rb5
41. Nc6 a5 42. Nd4 Rb6 43. Kd3 a4 44. Nxe6 Kxe6 45. Kc3 Rc6+ 46. Kb4 Rc2 47. Rb1
Ra2 48. Kc3 Rxg2 0-1

[Event "Hastings Masters 2025-26"]
[Site "Hastings ENG"]
[Date "2025.12.31"]
[Round "6.12"]
[White "Kalavannan, Koby"]
[Black "Ortiz Sanchez, Luis"]
[Result "1-0"]
[WhiteTitle "FM"]
[WhiteElo "2275"]
[BlackElo "2007"]
[WhiteFideId "425753"]
[BlackFideId "24581160"]
[EventDate "2025.12.28"]

1. c4 Nf6 2. d4 e6 3. Nf3 d5 4. g3 dxc4 5. Bg2 c5 6. O-O Nc6 7. dxc5 Qxd1 8.
Rxd1 Bxc5 9. Nbd2 c3 10. bxc3 O-O 11. Nb3 Be7 12. c4 Bd7 13. Bb2 Rfc8 14. Rac1
Be8 15. Nfd4 Nxd4 16. Bxd4 Bc6 17. Bxc6 bxc6 18. Rb1 Kf8 19. Na5 Bd8 20. Nb7 Ne8
21. Nxd8 Rxd8 22. Bc5+ Kg8 23. Rxd8 Rxd8 24. Bxa7 f6 25. Rb8 Rxb8 26. Bxb8 Kf7
27. a4 Ke7 28. a5 Kd7 29. a6 Kc8 30. a7 Kb7 31. f3 f5 32. Kf2 Nf6 33. Ke3 Nd7
34. Kf4 g6 35. Kg5 Nb6 36. Kf6 Nxc4 37. Kxe6 Nb6 38. Kd6 Nc8+ 39. Kc5 Nb6 40. e4
fxe4 41. fxe4 Nd7+ 42. Kd6 Nb6 43. e5 Nc8+ 44. Kd7 Nb6+ 45. Kd8 Nd5 46. e6 1-0

[Event "Hastings Masters 2025-26"]
[Site "Hastings ENG"]
[Date "2025.12.31"]
[Round "6.13"]
[White "Hobson, Kenneth"]
[Black "Fryer, David W"]
[Result "1-0"]
[WhiteTitle "FM"]
[WhiteElo "2264"]
[BlackElo "1902"]
[WhiteFideId "480819"]
[BlackFideId "406384"]
[EventDate "2025.12.28"]

1. e4 Nf6 2. e5 Nd5 3. d4 d6 4. c4 Nb6 5. exd6 cxd6 6. Nc3 g6 7. Be3 Bg7 8. Rc1
O-O 9. b3 Bf5 10. g4 Bd7 11. Bg2 Bc6 12. d5 Bd7 13. h3 Bc8 14. Nge2 N6d7 15. Bd4
Nf6 16. Ng3 Nbd7 17. O-O Kh8 18. Re1 Ng8 19. Nce4 Ndf6 20. Kh2 b6 21. Rc3 Bd7
22. Rce3 Qc7 23. Nxf6 exf6 24. Qa1 Rae8 25. Ne4 Qd8 26. f4 Bc8 27. g5 Bf5 28.
gxf6 Bh6 29. Ng5 1-0

[Event "Hastings Masters 2025-26"]
[Site "Hastings ENG"]
[Date "2025.12.31"]
[Round "6.14"]
[White "Burrows, Martin P"]
[Black "Ashton, Adam G"]
[Result "0-1"]
[BlackTitle "FM"]
[WhiteElo "2117"]
[BlackElo "2247"]
[WhiteFideId "409057"]
[BlackFideId "410110"]
[EventDate "2025.12.28"]

1. e4 c5 2. Nf3 e6 3. d4 cxd4 4. Nxd4 a6 5. Bd3 Bc5 6. Nb3 Ba7 7. O-O Ne7 8. Qe2
O-O 9. Be3 Nbc6 10. c4 d5 11. Bxa7 dxc4 12. Bxc4 Rxa7 13. Nc3 b5 14. Bd3 Qb6 15.
e5 Rd7 16. Rad1 Rfd8 17. Bc2 Ng6 18. Rxd7 Rxd7 19. Bxg6 hxg6 20. Ne4 Nxe5 21.
Nbc5 Rd5 22. b4 Nc4 23. a4 Bb7 24. a5 Qc6 25. Nxb7 Qxb7 26. Nc5 Qc6 27. Rd1 Nxa5
28. Rxd5 Qxd5 29. Nxa6 Nc4 30. h3 e5 31. Qg4 e4 32. Nc7 Qd2 33. Nxb5 Qxb4 34.
Nc7 Qe1+ 35. Kh2 Nd2 36. Qf4 Nf1+ 37. Kg1 Ng3+ 38. Kh2 Ne2 0-1

[Event "Hastings Masters 2025-26"]
[Site "Hastings ENG"]
[Date "2025.12.31"]
[Round "6.15"]
[White "Lau, Lut Yin Luke"]
[Black "Lee, Younggyu"]
[Result "1/2-1/2"]
[WhiteTitle "CM"]
[WhiteElo "2243"]
[BlackElo "1892"]
[WhiteFideId "6002226"]
[BlackFideId "13227378"]
[EventDate "2025.12.28"]

1. e4 e5 2. Nf3 Nc6 3. Nc3 Nf6 4. g3 Bb4 5. Bg2 O-O 6. O-O d6 7. d3 h6 8. Nd5
Nxd5 9. exd5 Ne7 10. c3 Ba5 11. d4 e4 12. Nd2 f5 13. Nc4 Bb6 14. f3 Nxd5 15.
fxe4 fxe4 16. Bxe4 Nf6 17. Bg2 d5 18. Nxb6 axb6 19. Bf4 c6 20. Qd3 Qe7 21. Rae1
Be6 22. Qg6 Qf7 23. Qb1 Qd7 24. Bxh6 gxh6 25. Qg6+ Qg7 26. Qxg7+ Kxg7 27. Rxe6
Rxa2 28. Re2 b5 29. Ref2 Nd7 30. Bh3 Rxf2 31. Rxf2 Nf6 32. Bc8 Ne4 33. Rc2 Nd6
34. Bd7 b4 35. cxb4 Ra4 36. Re2 Rxb4 37. Re7+ Kf8 38. Re6 Nf7 39. Re8+ Kg7 40.
Rb8 Rb5 41. h4 Kf6 42. g4 Ke7 43. Be8 Nd6 44. Bh5 Ne4 45. Rh8 Rxb2 1/2-1/2

[Event "Hastings Masters 2025-26"]
[Site "Hastings ENG"]
[Date "2025.12.31"]
[Round "6.16"]
[White "Saunders, Aron"]
[Black "Swiatkowski, Aram"]
[Result "1-0"]
[WhiteElo "2201"]
[BlackElo "1843"]
[WhiteFideId "469343"]
[BlackFideId "343415210"]
[EventDate "2025.12.28"]

1. e4 e6 2. d4 d5 3. e5 c5 4. c3 Nc6 5. Nf3 Qb6 6. a3 cxd4 7. cxd4 Nge7 8. Bd3
Bd7 9. Bc2 Ng6 10. h4 h5 11. O-O Be7 12. g3 O-O-O 13. Nc3 Rdg8 14. b4 Be8 15.
Na4 Qd8 16. Bxg6 fxg6 17. Bg5 Rf8 18. Rc1 Kb8 19. Nc5 Rf5 20. Nxe6 Qd7 21. Nf4
Bxg5 22. Nxg5 Rxg5 23. hxg5 h4 24. e6 Qe7 25. Qg4 hxg3 26. fxg3 Nxd4 27. Rfd1
Nf5 28. Nxd5 Qxe6 29. Qf4+ Nd6 30. Ne3 Bc6 31. Rxc6 bxc6 32. Qxd6+ Qxd6 33. Rxd6 1-0